Happiness lessons from a new science

Gespeichert in:
Bibliographische Detailangaben
1. Verfasser: Layard, Richard
Format: Buch
Sprache:Englisch
Veröffentlicht: London Penguin Books 2011
Ausgabe:fully revised and updated ed.
Schlagworte:
Tags: Tag hinzufügen
Keine Tags, Fügen Sie das erste Tag hinzu!

MARC

LEADER 00000nam a2200000 4500
001 0144037
005 20240312115717.9
020 |a 978-0-241-95279-5 
041 0 |a eng 
044 |a GB 
245 1 0 |a Happiness  |b lessons from a new science  |c Richard Layard 
250 |a fully revised and updated ed. 
264 1 |a London  |b Penguin Books  |c 2011 
300 |a 363 s. 
610 2 0 |a štýl životný 
610 2 0 |a psychológia 
610 2 0 |a filozofia 
610 2 0 |a problémy spoločenské 
610 2 0 |a ekonómia 
100 1 |a Layard, Richard